|
|
|
|
| LEADER |
02640nam a22004215i 4500 |
| 001 |
978-3-8350-9637-0 |
| 003 |
DE-He213 |
| 005 |
20151204161850.0 |
| 007 |
cr nn 008mamaa |
| 008 |
100301s2007 gw | s |||| 0|eng d |
| 020 |
|
|
|a 9783835096370
|9 978-3-8350-9637-0
|
| 024 |
7 |
|
|a 10.1007/978-3-8350-9637-0
|2 doi
|
| 040 |
|
|
|d GrThAP
|
| 050 |
|
4 |
|a HD28-70
|
| 072 |
|
7 |
|a KJC
|2 bicssc
|
| 072 |
|
7 |
|a BUS041000
|2 bisacsh
|
| 082 |
0 |
4 |
|a 658.4092
|2 23
|
| 100 |
1 |
|
|a Straub, Thomas.
|e author.
|
| 245 |
1 |
0 |
|a Reasons for Frequent Failure in Mergers and Acquisitions
|h [electronic resource] :
|b A Comprehensive Analysis /
|c by Thomas Straub.
|
| 264 |
|
1 |
|a Wiesbaden :
|b Deutscher Universitätsverlag :
|b Imprint: Deutscher Universitätsverlag,
|c 2007.
|
| 300 |
|
|
|a XIV, 227 p.
|b online resource.
|
| 336 |
|
|
|a text
|b txt
|2 rdacontent
|
| 337 |
|
|
|a computer
|b c
|2 rdamedia
|
| 338 |
|
|
|a online resource
|b cr
|2 rdacarrier
|
| 347 |
|
|
|a text file
|b PDF
|2 rda
|
| 520 |
|
|
|a Despite the goal of performance improvement, results from mergers and acquisitions (M&A) are often disappointing. Numerous empirical studies show high failure rates of M&A deals. Studies are mostly focused on individual determinants. The literature therefore lacks a more comprehensive framework that includes different perspectives. Using four statistical methods, Thomas Straub shows that M&A performance is a multi-dimensional function. For a successful deal, the following key success factors should be taken into account: • Strategic logic which is reflected by six determinants: market similarities, market complementarities, operational similarities, operational complementarities, market power, and purchasing power. • Organizational integration which is reflected by three determinants: acquisition experience, relative size, cultural compatibility. • Financial / price perspective which is reflected by three determinants: acquisition premium, bidding process, and due diligence. All 12 variables are presumed to affect performance either positively or negatively. Post-M&A performance is measured by synergy realization, relative performance (compared to competition), and absolute performance.
|
| 650 |
|
0 |
|a Business.
|
| 650 |
|
0 |
|a Management.
|
| 650 |
|
0 |
|a Leadership.
|
| 650 |
1 |
4 |
|a Business and Management.
|
| 650 |
2 |
4 |
|a Business Strategy/Leadership.
|
| 650 |
2 |
4 |
|a Management.
|
| 710 |
2 |
|
|a SpringerLink (Online service)
|
| 773 |
0 |
|
|t Springer eBooks
|
| 776 |
0 |
8 |
|i Printed edition:
|z 9783835008441
|
| 856 |
4 |
0 |
|u http://dx.doi.org/10.1007/978-3-8350-9637-0
|z Full Text via HEAL-Link
|
| 912 |
|
|
|a ZDB-2-SBE
|
| 950 |
|
|
|a Business and Economics (Springer-11643)
|